| 000 | 00671nam a2200217Ia 4500 | ||
|---|---|---|---|
| 003 | OSt | ||
| 005 | 20250717151131.0 | ||
| 008 | 210210b1995 xxu||||| |||| 00| 0 eng d | ||
| 040 | _cAL | ||
| 041 | _aKannada | ||
| 082 | _aK894.109 SHRM | ||
| 100 |
_aSHRIPADA RAGHUNATHA BHIDE. _dಶ್ರೀಪಾದ ರಘುನಾಥ ಭಿಡೆ _9219249 |
||
| 245 |
_aMahabharatada shapagalu.S1. _bಮಹಾಭಾರತದ ಶಾಪಗಳು ಸಂ ೧ |
||
| 260 |
_aMaisuru _bGita Buk Haus _c1995 |
||
| 300 | _a271 | ||
| 650 |
_ashapagalu.S1. _9219250 |
||
| 650 |
_aMahabharatada _9219251 |
||
| 690 |
_aKannada Poetry Criticism _9219252 |
||
| 906 | _a052474 | ||
| 942 |
_2ddc _cBK |
||
| 999 |
_c101025 _d101025 |
||